فکشن،تنقيد،تکنيک،تفہيم (مشر ف عا لم ذ و قی کی تحر ير و ں کے تنا ظر ميں) (Record no. 182851)
[ view plain ]
| 000 -LEADER | |
|---|---|
| fixed length control field | 00818nam a22001937a 4500 |
| 005 - DATE AND TIME OF LATEST TRANSACTION | |
| control field | 20211208113958.0 |
| 010 ## - LCCN (DPL NO) | |
| LC control number | UR-11355 |
| 020 ## - INTERNATIONAL STANDARD BOOK NUMBER | |
| Terms of availability | 500.00 |
| International Standard Book Number | 9789390533213 |
| 035 ## - SYSTEM CONTROL NUMBER | |
| System control number | U-9910 |
| 037 ## - SOURCE OF ACQUISITION | |
| Source of stock number/acquisition | DBAD/PUB |
| 082 ## - DEWEY DECIMAL CLASSIFICATION NUMBER | |
| Classification number | 843.08 |
| 100 ## - MAIN ENTRY--PERSONAL NAME | |
| Personal name | مر تبہ:منو ر حسن کما ل |
| 245 ## - TITLE STATEMENT | |
| Title | فکشن،تنقيد،تکنيک،تفہيم (مشر ف عا لم ذ و قی کی تحر ير و ں کے تنا ظر ميں) |
| Statement of responsibility, etc | مر تبہ:منو ر حسن کما ل |
| 246 ## - VARYING FORM OF TITLE | |
| Title proper/short title | Fiction,Tanqeed, Technique,Tafheem (Musharraf Alam Zauqi Ki Tahreeron Mein) (Urdu) |
| Remainder of title | Comp.by Munawwar Hasan Kamal |
| 260 ## - PUBLICATION, DISTRIBUTION, ETC. (IMPRINT) | |
| Place of publication, distribution, etc | N.Delhi |
| Date of publication, distribution, etc | 2020 ء |
| Name of publisher, distributor, etc | Educational Publishing House |
| 270 ## - ADDRESS | |
| Address | D1/16,Ansari Road,Darya Ganj, |
| City | New Delhi |
| Postal code | 110002 |
| Fax number | - |
| 300 ## - PHYSICAL DESCRIPTION | |
| Extent | 464 ص |
| Dimensions | 22 Cm(Hb) |
| 942 ## - ADDED ENTRY ELEMENTS (KOHA) | |
| Source of classification or shelving scheme | Dewey Decimal Classification |
| Item type | Urdu Bks |
| Classification part | 843.08 |
| Call number suffix | ف ک ش |
| Withdrawn status | Lost status | Not for loan | Collection code | Home library | Current library | Date acquired | Source of acquisition | Cost, normal purchase price | Full call number | Barcode | Copy number | Cost, replacement price | Koha item type |
|---|---|---|---|---|---|---|---|---|---|---|---|---|---|
| Not For Loan | Non-fiction | D.B.Act.Division | Central Library | 08/12/2021 | DBAD/PUB | 500.00 | 843.08 ف ک ش | U-9910 | 1 | 500.00 | Urdu Bks |
